000 00787nam a2200253Ia 4500
003 OSt
005 20220928125041.0
006 a|||||r|||| 00| 0
007 ta
008 220927b |||||||| |||| 00| 0 eng d
020 _c2711.806
024 _a105969
037 _b211, 25/01/2010, Aviva Books Company
_cTextual
040 _aSDCL
_cSDCL
_beng
041 _2eng
_aeng
082 _aB2812obx, P9
100 _aPham Huyen
_9467766
245 0 _aContinuous-time stochastic control and optimization with financial applications.
260 _aBerlin
_bSpringer
_c2009
300 _axvii, 232p
_ccm.
650 _aApplied Operation Research
942 _hB2812obx, P9
_cTEXL
_2CC
999 _c780644
_d780644